[Event "RA-2017-0-00540"]
[Site "LSS email"]
[Date "2017.09.28"]
[Round "?"]
[White "Watson, Roland"]
[Black "Eman, Juan"]
[Result "0-1"]
[WhiteElo "2297"]
[BlackElo "2211"]
[PlyCount "20"]
[EventDate "2017.08.28"]
[EventType "tourn (corr)"]
[EventRounds "6"]
[EventCountry "GER"]
[SourceTitle "Corr 2022"]
[Source "ChessBase"]
[SourceDate "2021.10.24"]
[SourceVersion "1"]
[SourceVersionDate "2021.10.24"]
[SourceQuality "1"]

1. e4 c6 2. d4 d5 3. e5 Bf5 4. Nf3 e6 5. Be2 c5 6. Be3 Qb6 7. Nc3 Nc6 8. 0-0 Qxb2 9. Qe1 cxd4 10. Rb1 Qxc3 0-1

[Event "SA-2017-0-00593"]
[Site "LSS email"]
[Date "2017.08.17"]
[Round "?"]
[White "Dehaybe, Andre"]
[Black "Watson, Roland"]
[Result "1/2-1/2"]
[WhiteElo "2218"]
[BlackElo "2299"]
[PlyCount "55"]
[EventDate "2017.07.24"]
[EventType "tourn (corr)"]
[EventRounds "6"]
[EventCountry "GER"]
[SourceTitle "Corr 2022"]
[Source "ChessBase"]
[SourceDate "2021.10.24"]
[SourceVersion "1"]
[SourceVersionDate "2021.10.24"]
[SourceQuality "1"]

1. d4 Nf6 2. c4 e6 3. Nf3 d5 4. Nc3 c6 5. Bg5 h6 6. Bxf6 Qxf6 7. e3 g6 8. Bd3 Bg7 9. 0-0 0-0 10. e4 dxe4 11. Nxe4 Qd8 12. c5 e5 13. dxe5 Be6 14. Nd6 Nd7 15. Nxb7 Qb8 16. Nd6 Nxe5 17. Nxe5 Bxe5 18. Re1 Qxb2 19. Rc1 Bxd6 20. cxd6 Qxa2 21. Be4 Bd5 22. Qd3 Bxe4 23. Rxe4 Qd5 24. Rd4 Qb5 25. Qe3 Qg5 26. Qa3 Qe5 27. Rdd1 Rfd8 28. Rxc6 1/2-1/2